Tilastot visalle Euroopan valtiot vuonna 1500

Klikkaa tästä pelataksesi tätä visaa!

Yleistilastot

  • Tätä visaa on pelattu 111 kertaa
  • Keskiarvotulos 10 / 48

Vastaustilastot

Euroopan maat 1500% Oikein
Ruotsi
88%
Tanska - Norja
82%
Ranskan kuningaskunta
75%
Espanja
74%
Englannin kuningaskunta
67%
Portugalin kuningaskunta
66%
Puola - Liettua
58%
Unkari - Kroatia
58%
Osmanienvaltakunta
44%
Skotlannin kuningaskunta
44%
Preussi
41%
Monaco
29%
San Marino
28%
Maltan ritarikunta
27%
Venetsian tasavalta
24%
Moldova
20%
Pyhä saksalais-roomalainen keisarikunta
20%
Napolin kuningaskunta
18%
Firenze
13%
Kirkkovaltio
13%
Moskovan ruhtinaskunta
11%
Genova
10%
Parma
8%
Avarian kaanikunta
5%
Ulster
5%
Bretagnen herttuakunta
4%
Kultainen orda
4%
Modena ja Reggio
4%
Savoijin ruhtinaskunta
4%
Leinster
3%
Siena
3%
Kartlin kuningaskunta
2%
Kasaarien kaanikunta
2%
Liivinmaan liitto
2%
Lucca
2%
Astrahanin kaanikunta
1%
Cospaia
1%
Desmond
1%
Imeretien kuningaskunta
1%
Kakhetin kuningaskunta
1%
Mirandola
1%
Navarran kuningaskunta
1%
Nogain orda
1%
Samtskhe - Džavakheti
1%
Samtskhe - Saatabago
1%
Thomond
1%
Tyronen kreivikunta
1%
Zetan ruhtinaskunta
1%

Tulosjakauma

Persentiili vastausten määrän mukaan

Jokaisen tuloksen saaneiden osuus

Tuloshistoriasi

Et ole pelannut tätä visaa